El concepto de familia en el estatuto de los trabajadores : Identificación de los sujetos protegidos /

Guardado en:
Autor Principal: López Terrada, Eva
Formato: Desconocido
Idioma:Spanish
Publicado: Valencia : Tirant lo blanch, 2003
Series:Tirant lo blanch Colección laboral 147
Materias:
Etiquetas: Agregar Etiqueta
Sin Etiquetas, Sea el primero en etiquetar este registro!
LEADER 00569nac a22001575a 4500
001 DER.der001839
005 20060829000000.0
008 180615s2003####||||||||||||||||||||spa||
020 |a 84-8442-809-5 
100 1 |a López Terrada, Eva 
245 1 0 |a El concepto de familia en el estatuto de los trabajadores :  |b Identificación de los sujetos protegidos /  |c Eva López Terrada 
260 |a Valencia :  |b Tirant lo blanch,  |c 2003 
300 0 |a 125 p. 
440 0 |a Tirant lo blanch  |p Colección laboral  |v 147 
653 |a DERECHO DE FAMILIA 
859 |a DERECHO  |b BIB. DERECHO  |h 346.015  |i LOP  |p 003933